000 00501nam a2200205Ia 4500
005 20250425160745.0
008 250425s9999 xx 000 0 und d
020 _a9681804872
041 _aspa
082 _a624.1
110 _aPORTLAND CEMENT ASSOCIATION
245 0 _aDISEÑO DE PAVIMENTOS DE CONCRETO PARA AEROPUERTOS
250 _a1A ED.
260 _aMEXICO
260 _aMéxico
_bLIMUSA
_c1982
300 _a85
650 _aDISEÑO DE PAVIMENTOS
942 _c01
010 _a4564
999 _c195559
_d195559